Initial segments of degrees below 0'

Αποθηκεύτηκε σε:
Λεπτομέρειες βιβλιογραφικής εγγραφής
Κύριος συγγραφέας: Epstein, Richard L. 1947-
Μορφή: Βιβλίο
Γλώσσα:English
Δημοσίευση: Providence, R.I. : American Mathematical Society, 1981
Σειρά:Memoirs of the American Mathematical Society ; ; 241
Θέματα:
Ετικέτες: Προσθήκη ετικέτας
Δεν υπάρχουν, Καταχωρήστε ετικέτα πρώτοι!

MARC

LEADER 00000cam a2200000 i 4500
001 1/49161
008 941103s1981 eng d
020 |a 0821822411 
035 |l 10043534 
035 |a 1993 
040 |a GR-MY-UA  |b gre  |e aacr 
041 0 |a eng 
082 0 |a 511.3 
100 1 |a Epstein, Richard L.  |d 1947- 
245 1 0 |a Initial segments of degrees below 0' /  |c Richard L. Epstein 
260 |a Providence, R.I. :   |b American Mathematical Society,   |c 1981 
300 |a vi, 102 p.;  |c 26 cm 
490 1 |a Memoirs of the American Mathematical Society  |v ; no. 241 
500 |a "Volume 30 ... (second of 3 numbers)." 
500 |a Includes index 
504 |a Bibliography: p. 101 
650 0 0 |a Recursion theory. 
830 0 |a Memoirs of the American Mathematical Society ;  |v ; 241 
852 |a INST  |b SAMOS  |e 19941103  |h 511.3 EPS  |p 005300007714  |q 005300007714  |t BK  |y 0 
909 |a Σ  |b 033797